Welcome to the Holygrace Academy Library

Please use search bar below to get started

BUNNICULA (Record no. 3018)

MARC details
000 -LEADER
fixed length control field 00314nam a22001457a 4500
020 ## - INTERNATIONAL STANDARD BOOK NUMBER
ISBN 0-380-51094-4
082 ## - DEWEY DECIMAL CLASSIFICATION NUMBER
Classification number 823
Item number DEB/B
100 ## - MAIN ENTRY--AUTHOR NAME
Personal name DEBORAH
100 ## - MAIN ENTRY--AUTHOR NAME
Personal name HOWE, JAMES
245 ## - TITLE STATEMENT
Title BUNNICULA
260 ## - PUBLICATION, DISTRIBUTION, ETC. (IMPRINT)
Place of publication NEW YORK
Name of publisher AVON BOOKS
Year of publication 1979
300 ## - PHYSICAL DESCRIPTION
Number of Pages 98
650 ## - SUBJECT ADDED ENTRY--TOPICAL TERM
Topical Term SHORT STORIES
Geographic subdivision UNITED STATES
942 ## - ADDED ENTRY ELEMENTS (KOHA)
Koha item type Books
Holdings
Withdrawn status Lost status Collection code Home library Current library Shelving location Date acquired Source of acquisition Full call number Accession Number Koha item type
    Fiction Main Library Main Library SHELF-14D- ALPHABETICAL -D--ENGLISH NOVELS & FICTIONS 31/10/2012 purchase 823 DEB/B 06437 Books